000 00457nam a22001577a 4500
008 230808b |||||||| |||| 00| 0 eng d
020 _a0-471-90692-1
040 _aNational Science Library
_cNational Science Library
245 _aIminium salts in organic chemistry:
_bPart 2
260 _aNew York:
_bJohn Wiley & Sons,
_c1979
300 _axii, 838p.
650 _aChemistry
653 _aScience
700 _aBohme, H (Ed.)
942 _2udc
_cBK
999 _c58289
_d58289